Nariadenie o ochrane osobných údajov (GDPR)

Dňa 4. mája 2016 bolo v úradnom Vestníku Európskej únie uverejnené nariadenie Európskeho parlamentu a Rady (EÚ) 2016/679 z 27. 4. 2016 o ochrane fyzických osôb pri spracúvaní osobných údajov a o voľnom pohybe týchto údajov, ktorým sa zrušuje smernica 95/46/ES (ďalej len „nariadenie“). Nariadenie býv...

Ausführliche Beschreibung

Gespeichert in:
Bibliographische Detailangaben
1. Verfasser: Mičudová, Tatiana
Format: Buchkapitel
Sprache:Slowakisch
Schlagworte:
Tags: Tag hinzufügen
Keine Tags, Fügen Sie das erste Tag hinzu!

MARC

LEADER 00000naa a2200000 4500
001 0239264
005 20180124065737.0
041 0 |a slo 
044 |a SK 
245 1 0 |a Nariadenie o ochrane osobných údajov (GDPR)  |c Tatiana Mičudová 
520 |a Dňa 4. mája 2016 bolo v úradnom Vestníku Európskej únie uverejnené nariadenie Európskeho parlamentu a Rady (EÚ) 2016/679 z 27. 4. 2016 o ochrane fyzických osôb pri spracúvaní osobných údajov a o voľnom pohybe týchto údajov, ktorým sa zrušuje smernica 95/46/ES (ďalej len „nariadenie“). Nariadenie býva často označované aj ako GDPR (General Data Protection Regulation). 
610 2 0 |a ochrana údajov osobných 
610 2 0 |a Európska únia 
610 2 0 |a osoby fyzické 
610 2 0 |a harmonizácia 
610 2 0 |a právo európske 
100 1 |a Mičudová, Tatiana